000 00623cam a22002293a 4500
001 14892
003 PGUSA
005 20140828083322.0
008 050203s2005||||xxu|||||s|||||000 | eng d
040 _aPGUSA
_beng
042 _adc
050 4 _aPR
100 1 _aMinto, William,
_d1845-1893
245 1 0 _aDaniel Defoe
_h[electronic resource] /
_cWilliam Minto
260 _bProject Gutenberg,
_c2005
506 _aPublic domain in the USA.
516 _aElectronic text
653 _aDefoe, Daniel, 1661?-1731
830 0 _aProject Gutenberg
_v14892
856 4 0 _uhttp://www.gutenberg.org/ebooks/14892
942 _cEB
999 _c244147
_d244147